A history of Indian literature : (Record no. 102305)

MARC details
000 -LEADER
fixed length control field 00986nam a22002297a 4500
005 - DATE AND TIME OF LATEST TRANSACTION
control field 20170529102708.0
010 ## - LCCN (DPL NO)
LC control number 1617EN
020 ## - INTERNATIONAL STANDARD BOOK NUMBER
International Standard Book Number 9788172010065
Terms of availability 450.00
035 ## - SYSTEM CONTROL NUMBER
System control number B-648363-370
035 ## - SYSTEM CONTROL NUMBER
System control number B-664744
037 ## - SOURCE OF ACQUISITION
Source of stock number/acquisition Star
Stock number dpl
082 ## - DEWEY DECIMAL CLASSIFICATION NUMBER
Classification number 891.1
100 ## - MAIN ENTRY--PERSONAL NAME
Personal name Das, Sisir Kumar
245 ## - TITLE STATEMENT
Title A history of Indian literature :
Statement of responsibility, etc by Sisir Kumar Das
Remainder of title 1800-1910 western impact: Indian response /
260 ## - PUBLICATION, DISTRIBUTION, ETC. (IMPRINT)
Place of publication, distribution, etc New Delhi
Name of publisher, distributor, etc Sahitya Akademi
Date of publication, distribution, etc 2015
270 ## - ADDRESS
Address Rabindra Bhawan, 35 Ferozeshah Road,
City New Delhi
Postal code 110001
300 ## - PHYSICAL DESCRIPTION
Extent xiii,815p.
Other physical details 25cm(Hb)
500 ## - GENERAL NOTE
General note Includes index
942 ## - ADDED ENTRY ELEMENTS (KOHA)
Source of classification or shelving scheme Dewey Decimal Classification
Item type English Books
Call number suffix DAS
Classification part 891.1
Holdings
Withdrawn status Lost status Not for loan Collection code Home library Current library Date acquired Source of acquisition Cost, normal purchase price Full call number Barcode Copy number Cost, replacement price Koha item type
      Non-fiction Ashok Vihar Ashok Vihar 29/05/2017 BPPD/EN/2016-17/AV/16-17/471/15.2.2017/SP/2241A/25.2.2017/ 6.3.2017 450.00 891.1 DAS B-664744 1 450.00 English Books
      Non-fiction Bawana Bawana 03/04/2017 BPPD/EN/2016-17/305/24.11.2016/SP/2166/7.12.2016/2.1.2017 450.00 891.1 DAS B-648369 1 450.00 English Books
      Non-fiction Central Library Central Library 03/04/2017 BPPD/EN/2016-17/305/24.11.2016/SP/2166/7.12.2016/2.1.2017 450.00 891.1 DAS B-648363 1 450.00 English Books
      Non-fiction Karol Bagh Karol Bagh 03/04/2017 BPPD/EN/2016-17/305/24.11.2016/SP/2166/7.12.2016/2.1.2017 450.00 891.1 DAS B-648367 1 450.00 English Books
      Non-fiction Narela Narela 03/04/2017 BPPD/EN/2016-17/305/24.11.2016/SP/2166/7.12.2016/2.1.2017 450.00 891.1 DAS B-648368 1 450.00 English Books
      Non-fiction Patel Nagar Patel Nagar 03/04/2017 BPPD/EN/2016-17/305/24.11.2016/SP/2166/7.12.2016/2.1.2017 450.00 891.1 DAS B-648364 1 450.00 English Books
      Non-fiction R.K.Puram-8 R.K.Puram-8 03/04/2017 BPPD/EN/2016-17/305/24.11.2016/SP/2166/7.12.2016/2.1.2017 450.00 891.1 DAS B-648366 1 450.00 English Books
      Non-fiction Sarojini Nagar Sarojini Nagar 03/04/2017 BPPD/EN/2016-17/305/24.11.2016/SP/2166/7.12.2016/2.1.2017 450.00 891.1 DAS B-648365 1 450.00 English Books
      Non-fiction Shahdara Branch Shahdara Branch 03/04/2017 BPPD/EN/2016-17/305/24.11.2016/SP/2166/7.12.2016/2.1.2017 450.00 891.1 DAS B-648370 1 450.00 English Books

© Delhi Public Library
Hit Counter
free hit counter